| 000 | 00670nas a2200241 4500 | ||
|---|---|---|---|
| 001 | BR9103724 | ||
| 003 | BR-BrBNA | ||
| 005 | 20231205092129.0 | ||
| 007 | ta | ||
| 008 | 230509b bl.|||p| |||| 00| 00por d | ||
| 040 |
_aBR-BrBNA _bpor _cBiblioteca Nacional de Agricultura |
||
| 041 | _a(Pt) | ||
| 072 | _aQ53 | ||
| 100 | 1 | _aRico, C. | |
| 245 | 1 | _aInsumos e graos; aflatoxinas | |
| 650 | _aCONTAMINACAO FUNGICA | ||
| 650 | _aAFLATOXINA | ||
| 650 | _aRACAO | ||
| 650 | _aARMAZENAMENTO | ||
| 773 | 0 |
_tAvicultura Industrial (Brazil) _xISSN 0101-2258 _g(Nov 1985), v. 76(911) p. 34-36 _wBR9103724 |
|
| 909 |
_a202311 _bLúcia _c55 _dLúcia Elande |
||
| 942 |
_2AGRIS _n0 _cANA |
||
| 999 |
_c129559 _d129559 |
||